| 000 | 01510cam a22001934a 4500 | ||
|---|---|---|---|
| 005 | 20250605163326.0 | ||
| 008 | 250528s ||||||||||||||||||||||||d | ||
| 035 | _a16915 | ||
| 020 | _a9602860782 | ||
| 040 |
_aGR-AtMCL _bgre _dGR-AtMCL _eAACR2 |
||
| 245 | 1 | _aΑρχές Ταξινομήσης / Ο Συστηματικός Κατάλογος και Ταξινομικά Συστήματα | |
| 260 |
_bΈλλην, _c1994 |
||
| 300 | _a216 | ||
| 520 | _aΕισαγωγή, Γενικά περί Εννοίας και Ορισμού, Τεχνητή και Φυσική Ταξινόμηση, Η Έννοια της Τάξης στις Επιστήμες, Η Αξία της Ταξινόμησης στις Βιβλιοθήκες, Ιστορικές και Λογικές Αρχές Ταξινόμησης, Μερικά Θέματα Πάνω στα Προβλήματα της Ταξινόμησης, Βασικές Δυνατότητες στην Ταξινόμηση των Θεμάτων, Η Τυπική Ταξινόμηση, Η Παραδοσιακή Θεωρία της Ταξινόμησης, Η Συστηματική Μοιεραρχική Ταξινόμηση, Ομόβαθμη Ευρετηρίαση, Ταξινόμηση, Γνωριμία με τα Βασικά Ταξινομικά Συστήματα, Ο Συστηματικός Κατάλογος, Γλωσσάριο, Βιβλιογραφία. | ||
| 700 | 1 | _aΚαζάζη Μαρία | |
| 942 | _cBK | ||
| 999 |
_c2365 _d2365 |
||